[Event "www.ChessWorld.net server game"]
[Site "www.ChessWorld.net "]
[Date "2008.1.6"]
[Round "NA"]
[White "grziwok"]
[Black "joselito"]
[Result "1-0"]
[Termination "Black king mated"]
[WhiteElo "1398"]
[BlackElo "1528"]
[Mode "ICS"]
[DateLastMove "2008.2.4"]
[Board "4486978"]

1.d4 g6 2.e4 Bg7 3.Nf3 e6 4.c3 d6 5.Bc4 b6 6.d5 e5 7.O-O Ne7 8.Ng5 h6 9.Nxf7 Kxf7 10.Qf3+ Bf6 11.g4 Qg8 12.h4 h5 13.g5 Nd7 14.gxf6 Nxf6 15.Bg5 Qg7 16.Na3 Bg4 17.Qe3 a6 18.f3 Bd7 19.f4 Kf8 20.fxe5 b5 21.Bxf6 Qh7 22.Bxh8+ Ke8 23.Bf6 bxc4 24.Nxc4 Bb5 25.b3 dxe5 26.d6 cxd6 27.Nxd6+ Kd7 28.Rad1 Bxf1 29.Nf5+ Ke6 30.Rd6+ Kf7 31.Nxe7 a5 32.Kxf1 Ke8 33.c4 Qf7 34.Qc5 Qxe7 35.Bxe7 Kxe7 36.Rxg6+ Kf7 37.Rd6 Re8 38.Qd5+ Kg7 39.Rd7+ Kf6 40.Qf7+ {Black king mated} 1-0

[Event "www.ChessWorld.net server game"]
[Site "www.ChessWorld.net "]
[Date "2007.5.29"]
[Round "NA"]
[White "joselito"]
[Black "haddad56"]
[Result "1/2-1/2"]
[Termination "Draw agreed"]
[WhiteElo "1465"]
[BlackElo "1944"]
[Mode "ICS"]
[DateLastMove "2007.11.28"]
[Board "3760343"]

1.e4 e5 2.Nf3 Nf6 3.Nc3 Nc6 4.Bc4 Bc5 5.d3 h6 6.O-O d6 7.Nb5 a6 8.Nc3 Bg4 9.Be3 Ba7 10.Bxa7 Rxa7 11.h3 Bh5 12.g4 Bg6 13.Nd5 Nxd5 14.Bxd5 Ne7 15.Bc4 O-O {Draw agreed} 1/2-1/2

[Event "www.ChessWorld.net server game"]
[Site "www.ChessWorld.net "]
[Date "2007.6.10"]
[Round "NA"]
[White "calchess10"]
[Black "joselito"]
[Result "1/2-1/2"]
[Termination "Black stalemated"]
[WhiteElo "1465"]
[BlackElo "1944"]
[Mode "ICS"]
[DateLastMove "2007.7.12"]
[Board "3805504"]

1.Nf3 Nc6 2.d4 d5 3.e3 Bg4 4.Be2 Qd7 5.h3 Bf5 6.O-O O-O-O 7.a3 e6 8.Nc3 Bd6 9.b4 Be4 10.Nxe4 dxe4 11.Nd2 f5 12.f3 exf3 13.Bxf3 Nf6 14.c4 Bg3 15.b5 Nb8 16.a4 g6 17.Bb2 h5 18.a5 Qd6 19.c5 Bh2+ 20.Kh1 Qg3 21.Qe2 g5 22.d5 g4 23.Bxg4 hxg4 24.Bxf6 gxh3 25.Rf3 hxg2+ 26.Qxg2 Bg1+ 27.Kxg1 Qxg2+ 28.Kxg2 Rhg8+ 29.Kf2 Rxd5 30.e4 Rxd2+ 31.Ke3 Rb2 32.Bxb2 fxe4 33.Kxe4 Nd7 34.Rd1 Nxc5+ 35.Ke5 c6 36.bxc6 bxc6 37.Rc1 Kc7 38.Rxc5 Rg5+ 39.Kd4 e5+ 40.Ke4 Kd6 41.Rxe5 Rxe5+ 42.Bxe5+ Kc5 43.Rc3+ Kb5 44.Bd6 a6 45.Bc7 c5 46.Kd5 c4 47.Rxc4 {Black stalemated} 1/2-1/2

[Event "www.ChessWorld.net server game"]
[Site "www.ChessWorld.net "]
[Date "2007.6.10"]
[Round "NA"]
[White "joselito"]
[Black "chancey1"]
[Result "1/2-1/2"]
[Termination "Draw agreed"]
[WhiteElo "1415"]
[BlackElo "1524"]
[Mode "ICS"]
[DateLastMove "2007.7.5"]
[Board "3805600"]

1.e4 e5 2.Bc4 Nf6 3.d3 d6 4.h3 Nc6 5.Nf3 h6 6.d4 exd4 7.Nxd4 Nxd4 8.Qxd4 Qe7 9.O-O c5 10.Qc3 Nxe4 11.Qf3 Ng5 12.Qd5 Ne6 13.Nc3 a6 14.Be3 Nc7 15.Qf3 Be6 16.Bxe6 fxe6 17.Qxb7 g5 18.Na4 Qd8 19.Qc6+ Ke7 20.b3 Bg7 21.Rae1 Qd7 22.Qb7 Rhb8 23.Qe4 Qe8 24.Qh7 Qh8 25.Qg6 Rf8 26.Nb6 Rad8 27.Nc4 Rf6 28.Qh5 Nd5 29.Bd2 Qe8 30.Qe2 Qg6 31.Ne3 Nxe3 32.fxe3 Qxc2 33.Rxf6 Bxf6 34.Ba5 Qxe2 35.Rxe2 Rc8 36.g4 d5 37.e4 d4 38.Kg2 Be5 39.a4 c4 40.bxc4 Rxc4 41.Ra2 d3 42.Kf3 Bc3 43.Bxc3 Rxc3 44.Ke3 Rc2 45.Ra1 d2 46.Rd1 Kd6 47.Rxd2+ Rxd2 {Draw agreed} 1/2-1/2

[Event "www.ChessWorld.net server game"]
[Site "www.ChessWorld.net "]
[Date "2007.7.20"]
[Round "NA"]
[White "happy hawk"]
[Black "joselito"]
[Result "1/2-1/2"]
[Termination "Draw agreed"]
[WhiteElo "1365"]
[BlackElo "1368"]
[Mode "ICS"]
[DateLastMove "2007.8.14"]
[Board "3926048"]

1.e4 e5 2.Nf3 Nc6 3.g3 Bb4 4.Bg2 Nf6 5.c3 Bc5 6.Qb3 O-O 7.d4 exd4 8.cxd4 Bxd4 9.Nxd4 Nxd4 10.Qd3 Nc6 11.h3 d5 12.Bg5 dxe4 13.Qxd8 Nxd8 14.Nc3 Re8 15.Bxf6 gxf6 16.h4 e3 17.Ke2 exf2+ 18.Kxf2 Nc6 19.Rhe1 Be6 20.Bxc6 bxc6 21.Rg1 Rad8 22.Rgd1 f5 23.Rxd8 Rxd8 24.Rd1 Rb8 25.b3 a5 26.h5 Kg7 27.Rb1 Kh6 28.a4 Kxh5 29.Rh1+ Kg4 30.Rxh7 Rxb3 31.Rg7+ Kh5 32.Ne2 c5 33.Nf4+ Kh6 34.Nxe6 Ra3 35.Rxf7 Rxa4 36.Rxc7 c4 37.Nd4 Kg5 38.Rc5 Ra2+ 39.Kg1 a4 40.Rxf5+ Kg4 41.Ra5 Kxg3 42.Kf1 c3 43.Ke1 a3 44.Kd1 Kf2 45.Kc1 Ra1+ 46.Kc2 Ke3 47.Kxc3 Rc1+ 48.Nc2+ Ke4 49.Rxa3 Rh1 50.Ra4+ Kd5 51.Ne3+ Kc5 52.Ra5+ Kd6 53.Kd4 Kd7 54.Ra6 Ke7 55.Nf5+ Kf7 56.Ke5 Re1+ 57.Kf4 Re6 58.Rxe6 Kxe6 {Draw agreed} 1/2-1/2

[Event "www.ChessWorld.net server game"]
[Site "www.ChessWorld.net "]
[Date "2007.7.20"]
[Round "NA"]
[White "joselito"]
[Black "newport county afc"]
[Result "1/2-1/2"]
[Termination "Draw agreed"]
[WhiteElo "1424"]
[BlackElo "1467"]
[Mode "ICS"]
[DateLastMove "2007.9.6"]
[Board "3926183"]

1.e4 e5 2.Nf3 Nc6 3.Bb5 a6 4.Bxc6 bxc6 5.Nxe5 Qe7 6.Nf3 Qxe4+ 7.Qe2 Nf6 8.Qxe4+ Nxe4 9.O-O Bd6 10.d3 Nf6 11.c4 O-O 12.Nbd2 Re8 13.b3 Bb7 14.Ne4 Nxe4 15.dxe4 Rxe4 16.Ng5 Rg4 17.Re1 c5 18.f3 Be5 19.Rxe5 f6 20.fxg4 fxe5 21.Be3 e4 22.Bxc5 d6 23.Be3 h6 24.Ne6 c6 25.Rf1 d5 26.cxd5 cxd5 27.Nc7 Rc8 28.Ne6 Rc2 29.Bd4 Rxa2 30.Rf8+ Kh7 31.Bxg7 Kg6 32.Bc3 Rc2 33.Be5 e3 34.Rf6+ Kh7 35.g5 hxg5 36.Nxg5+ Kg8 37.Rf1 Bc6 38.Re1 e2 39.h3 Bb5 40.Kf2 Rd2 41.Nf3 Rd1 42.g4 Kh7 43.g5 Kg6 44.h4 Kh5 45.b4 Kg6 46.Bc3 Kh5 47.Ng1 Kxh4 48.Nxe2 Rxe1 49.Bxe1 Kxg5 50.Ke3 Kf5 51.Nc3 Bc4 52.Kd4 Ke6 53.Kc5 Bb3 54.Kb6 Bc4 55.Ka5 Kd6 56.Na4 d4 57.Nc5 d3 58.Nxa6 Kd5 59.Nc7+ Kc6 60.Ne8 Kd5 61.Kb6 Kd4 62.Kc6 Ke3 63.Kc5 Ba6 64.Nc7 Bc8 65.b5 Ke4 66.b6 Ke5 67.Nb5 Bb7 68.Nd4 Kf6 69.Nb3 Ke7 70.Bc3 Kd7 71.Nc1 Kc8 72.Nxd3 Bh1 73.Ne5 Kb7 74.Nd7 Bg2 75.Kb5 Bc6+ 76.Kc5 Bxd7 77.Bd4 Bc6 {Draw agreed} 1/2-1/2

[Event "www.ChessWorld.net server game"]
[Site "www.ChessWorld.net "]
[Date "2007.8.3"]
[Round "NA"]
[White "gaz1000"]
[Black "joselito"]
[Result "1/2-1/2"]
[Termination "Draw agreed"]
[WhiteElo "1330"]
[BlackElo "1390"]
[Mode "ICS"]
[DateLastMove "2007.9.8"]
[Board "3971685"]

1.e4 e5 2.Nf3 Nc6 3.Nc3 Nf6 4.Bc4 Bb4 5.Ng5 O-O 6.Nxf7 Rxf7 7.Bxf7+ Kxf7 8.a3 Bxc3 9.dxc3 Nxe4 10.Qf3+ Nf6 11.Bg5 Qe8 12.h4 e4 13.Qf4 d6 14.O-O Qe6 15.f3 Kg6 16.fxe4 Nh5 17.Qf5+ Qxf5 18.exf5+ Bxf5 19.Rf2 Ng3 20.b4 Ne4 21.Rf3 Ne5 22.Rf4 Nxc3 23.a4 Ne2+ 24.Kf2 h6 25.Kxe2 hxg5 26.h5+ Kf6 27.Rff1 Nc4 28.g4 Re8+ 29.Kf3 Nd2+ 30.Kg2 Nxf1 31.Rxf1 Re2+ 32.Kg3 Ke7 33.Rxf5 Re3+ 34.Rf3 Rxf3+ 35.Kxf3 Kf6 36.c4 c6 37.Ke4 Ke6 38.a5 b6 39.axb6 axb6 40.b5 cxb5 41.cxb5 d5+ {Draw agreed} 1/2-1/2

[Event "www.ChessWorld.net server game"]
[Site "www.ChessWorld.net "]
[Date "2007.8.3"]
[Round "NA"]
[White "joselito"]
[Black "Harold Hill Rob"]
[Result "1/2-1/2"]
[Termination "Draw agreed"]
[WhiteElo "1524"]
[BlackElo "1647"]
[Mode "ICS"]
[DateLastMove "2007.11.26"]
[Board "3971793"]

1.e4 e6 2.Nf3 d5 3.e5 a6 4.d4 h6 5.Bd3 Bb4+ 6.c3 Be7 7.O-O c5 8.Be3 c4 9.Be2 b5 10.b3 a5 11.b4 axb4 12.Re1 bxc3 13.Nxc3 Bd7 14.Qb1 b4 15.Nd1 Nc6 16.Nb2 Ra7 17.h3 Bg5 18.Qc1 Bxe3 19.fxe3 Qa8 20.Kf2 Rxa2 21.Rxa2 Qb7 22.Qa1 Nge7 23.Ra8+ Nd8 24.Ra7 Qc6 25.Ra6 Qb7 26.Ra7 Qb6 27.Ra6 Qb5 28.Ra5 Qb7 {Draw agreed} 1/2-1/2

[Event "www.ChessWorld.net server game"]
[Site "www.ChessWorld.net "]
[Date "2007.8.9"]
[Round "NA"]
[White "Mr.Oldenslo"]
[Black "joselito"]
[Result "1/2-1/2"]
[Termination "Draw agreed"]
[WhiteElo "1765"]
[BlackElo "1471"]
[Mode "ICS"]
[DateLastMove "2007.12.9"]
[Board "3990230"]

1.d4 d5 2.e3 e6 3.Bd3 Bb4+ 4.c3 Bd6 5.f4 Nf6 6.Nd2 O-O 7.Ngf3 b6 8.O-O Bb7 9.Ne5 Bxe5 10.fxe5 Nfd7 11.Qh5 g6 12.Qh6 f6 13.e4 dxe4 14.Bxe4 Bxe4 15.Nxe4 c5 16.exf6 Nxf6 17.Bg5 Nbd7 18.h3 Qe7 19.Nxf6+ Nxf6 20.dxc5 bxc5 21.Rf4 Qg7 22.Raf1 Nd5 23.Rxf8+ Rxf8 24.Qxg7+ Kxg7 25.Rxf8 Kxf8 26.Kf2 c4 {Draw agreed} 1/2-1/2

[Event "www.ChessWorld.net server game"]
[Site "www.ChessWorld.net "]
[Date "2007.8.9"]
[Round "NA"]
[White "joselito"]
[Black "mpinnick"]
[Result "1/2-1/2"]
[Termination "Draw agreed"]
[WhiteElo "1350"]
[BlackElo "1551"]
[Mode "ICS"]
[DateLastMove "2007.8.23"]
[Board "3990259"]

1.e4 e5 2.Nf3 Nc6 3.d4 Nxd4 4.Nxd4 exd4 5.Qxd4 Nf6 6.Bc4 b6 7.e5 Bc5 8.Qd3 Ng4 9.Be3 Bxe3 10.fxe3 Qh4+ 11.g3 Qh3 12.Qf5 f6 13.exf6 gxf6 14.Qe4+ Ne5 15.Qxa8 Kd8 16.Ba6 Nf3+ 17.Qxf3 Bxa6 18.Nc3 Qe6 19.O-O-O Re8 20.Qa8+ Bc8 21.Qxa7 Qxe3+ 22.Kb1 d6 23.Nd5 Qc5 24.Nxf6 Re2 25.Rc1 Bf5 26.Qb8+ Bc8 27.c3 Qf5+ 28.Ka1 Qxf6 29.Rhf1 Qh6 30.Rce1 Rxe1+ 31.Rxe1 Qd2 32.Rf1 Qd3 33.Rf8+ Kd7 34.Qxc8+ Kc6 35.a3 Qd1+ 36.Ka2 Qd5+ 37.b3 Qd2+ 38.Kb1 Qd1+ 39.Kb2 Qd2+ {Draw agreed} 1/2-1/2

[Event "www.ChessWorld.net server game"]
[Site "www.ChessWorld.net "]
[Date "2007.8.27"]
[Round "NA"]
[White "Rooky Balboa"]
[Black "joselito"]
[Result "1/2-1/2"]
[Termination "Draw agreed"]
[WhiteElo "1374"]
[BlackElo "1443"]
[Mode "ICS"]
[DateLastMove "2007.10.22"]
[Board "4046870"]

1.e4 e5 2.Nf3 Nc6 3.Bc4 Nf6 4.d3 h6 5.Nc3 Bb4 6.Bd2 O-O 7.O-O Nd4 8.Nxe5 Ne6 9.Nd5 Bxd2 10.Qxd2 Nxd5 11.Bxd5 d6 12.Nc4 Qh4 13.Qe3 Qg5 14.Qxg5 hxg5 15.Rfe1 Nd4 16.Rac1 Nb5 17.a4 c6 18.axb5 cxd5 19.Nxd6 Be6 20.c4 dxc4 21.Nxc4 Rad8 22.Rcd1 Bxc4 23.dxc4 Rxd1 24.Rxd1 Re8 25.f3 f6 26.Rd7 Rc8 27.Rxb7 Rxc4 28.Rxa7 Rb4 29.Ra5 Rxb2 30.h3 Kf7 31.g3 Rb3 32.Kg2 Ke6 33.f4 gxf4 34.gxf4 f5 35.e5 Kd5 36.h4 Kc5 37.e6 Re3 38.Ra6 Kxb5 39.Rd6 Kc5 40.Ra6 Kd5 41.h5 Rxe6 42.Rxe6 Kxe6 43.Kh3 Kd5 44.Kh4 Ke4 45.Kg5 Kf3 46.Kxf5 Kg3 47.Kg5 {Draw agreed} 1/2-1/2

[Event "www.ChessWorld.net server game"]
[Site "www.ChessWorld.net "]
[Date "2007.8.28"]
[Round "NA"]
[White "joselito"]
[Black "nyce"]
[Result "1/2-1/2"]
[Termination "Draw agreed"]
[WhiteElo "1468"]
[BlackElo "1547"]
[Mode "ICS"]
[DateLastMove "2007.12.10"]
[Board "4049428"]

1.e4 e5 2.Nf3 d6 3.Bc4 Bg4 4.d3 h6 5.O-O a6 6.h3 Bh5 7.d4 Nc6 8.dxe5 Nxe5 9.Qd5 Bxf3 10.g3 Nf6 11.Qxb7 Nxc4 12.Qc6+ Nd7 13.Qxc4 Ne5 14.Qc3 Be2 15.Nd2 Bxf1 16.Kxf1 c5 17.Nf3 Nxf3 18.Qxf3 g6 19.Bd2 Bg7 20.Rb1 Qd7 21.e5 O-O 22.exd6 Qxh3+ 23.Ke2 Rae8+ 24.Be3 Bd4 25.Kd3 Qf5+ 26.Qxf5 Re5 27.Qf4 g5 28.Qf6 Rxe3+ 29.fxe3 Bxf6 30.Kc4 Rb8 31.Kxc5 Rb5+ 32.Kc6 Kf8 33.d7 Bd8 34.a4 Re5 35.a5 Ke7 36.b4 Rxe3 37.b5 Bxa5 38.bxa6 Rc3+ 39.Kb5 Bd8 40.a7 Ra3 41.Rc1 Rxa7 42.Kc6 Rxd7 43.Re1+ Kf6 44.Kxd7 Ba5 45.Rf1+ Kg6 46.g4 Bc3 47.Ke8 f6 48.Kf8 Bb2 49.Rd1 h5 50.gxh5+ Kxh5 51.c4 g4 52.Kf7 Kh4 53.Kg6 g3 54.Rh1+ Kg4 55.c5 Kf3 56.Rh3 Kf2 57.Rxg3 Kxg3 58.c6 Be5 59.Kf5 {Draw agreed} 1/2-1/2

[Event "www.ChessWorld.net server game"]
[Site "www.ChessWorld.net "]
[Date "2007.9.5"]
[Round "NA"]
[White "joselito"]
[Black "DerVogel"]
[Result "1/2-1/2"]
[Termination "Draw agreed"]
[WhiteElo "1445"]
[BlackElo "1399"]
[Mode "ICS"]
[DateLastMove "2007.10.11"]
[Board "4076123"]

1.e4 e5 2.Nf3 Nc6 3.Bb5 a6 4.Bxc6 dxc6 5.Nxe5 Bd6 6.Nf3 c5 7.O-O Nf6 8.d3 O-O 9.Bg5 h6 10.Bxf6 Qxf6 11.Nbd2 Bf4 12.c3 b5 13.a4 b4 14.cxb4 cxb4 15.Nc4 c5 16.Rb1 Be6 17.e5 Qf5 18.Ne3 Qg6 19.Nh4 Qg5 20.g3 Bxe5 21.Nf3 Qf6 22.Qc2 Qxf3 23.Qd1 Qxd1 24.Rbxd1 Bb3 25.a5 Bxd1 26.Rxd1 Bxb2 27.Kg2 Rac8 28.Nd5 c4 29.Ne7+ Kh7 30.Nxc8 Rxc8 31.dxc4 Rxc4 32.Rd6 b3 33.Rxa6 Ra4 34.Rb6 Ra3 35.a6 Bd4 36.Rb4 Bc5 37.Rb5 Rxa6 38.Rxb3 f5 39.Rb5 Rc6 40.Kf3 g6 41.Rb7+ Kg8 42.h4 g5 43.hxg5 hxg5 44.Rb5 Kg7 45.g4 Kg6 46.gxf5+ Kxf5 47.Kg3 g4 48.f3 Rc7 49.Ra5 Kg5 50.Rb5 {Draw agreed} 1/2-1/2